000 00836cab a2200229 4500
001 WB3507-48
008 090401t1999 xxu||||| |||| 00| 0 eng d
035 _a(Sirsi) u91444
041 _aeng
245 _aNew planning responsibilities
260 _c1999
350 _a0
490 _aDETR News Release
_v(297) 15 February 1999 (3)
520 _aLocal authorities working with other stakeholders are to be given greater responsibility for the preparation of regional planning strategies. The new arrangements are outlined in the draft Planning Policy Guidance Note 11 "Regional Planning", published on 15 February 1999.
650 _aLOCAL AUTHORITIES
650 _aPLANNING STRATEGY
650 _aPPG11
650 _aREGIONAL PLANNING POLICY
690 _aPLANNING LAW AND PRACTICE
942 _n0
948 _c18/02/1999
999 _c58053
_d58053